|
|
|
|
| LEADER |
00000nam0a2200000 4500 |
| 001 |
157765 |
| 005 |
20231101222004.0 |
| 010 |
|
|
|a 5713300935
|
| 020 |
|
|
|a RU
|b 89-9564
|
| 035 |
|
|
|a (RuTPU)RU\TPU\book\171123
|
| 090 |
|
|
|a 157765
|
| 100 |
|
|
|a 20090413d1989 m y0rusy5003 ca
|
| 101 |
1 |
|
|a rus
|c ger
|
| 102 |
|
|
|a RU
|
| 105 |
|
|
|a c z 000ay
|
| 200 |
1 |
|
|a Женщины у берега Рейна
|e роман в диалогах и монологах
|e пер. с нем.
|f Г. Бёлль
|g авт. предисл. Т. Мотылева
|
| 210 |
|
|
|a Москва
|c Международные отношения
|d 1989
|
| 215 |
|
|
|a 176 с.
|c портр.
|d 20 см
|
| 610 |
1 |
|
|a Федеративная Республика Германии
|
| 610 |
1 |
|
|a немецкая литература
|
| 675 |
|
|
|a 83
|z rus
|
| 700 |
|
1 |
|a Бёлль
|b Г.
|c немецкий писатель
|c Нобелевский лауреат
|f 1917-1985
|g Генрих
|2 stltpush
|3 (RuTPU)RU\TPU\pers\21217
|9 8865
|
| 702 |
|
1 |
|a Мотылева
|b Т.
|4 080
|
| 801 |
|
0 |
|a RU
|b RuMRKP
|c 19950417
|g psbo
|
| 801 |
|
1 |
|a RU
|b 63413507
|c 20090413
|g PSBO
|
| 801 |
|
2 |
|a RU
|b 63413507
|c 20090413
|g PSBO
|
| 942 |
|
|
|c BK
|